000
00267nam a2200109Ia 4500
008
190802s9999 xx 000 0 und d
100
_a
Prof. Zahid Mehmood
245
0
_a
Sukkar Guzari Ka Jaddu
260
_a
Lahore
_b
Dar-ul-Shaoor
_c
2017
300
_a
256:p
942
_c
BK
999
_c
2424
_d
2424